| 000 | 00560nam a22002177a 4500 | ||
|---|---|---|---|
| 003 | NUST | ||
| 005 | 20250709102358.0 | ||
| 008 | 210302b ||||| |||| 00| 0 eng d | ||
| 020 | _a0582251648 | ||
| 038 | _aMuzammil-SMME | ||
| 082 |
_a620.112 _bBEN |
||
| 100 |
_aBenham, P.P. _940905 |
||
| 245 |
_aMechanics of Engineering Materials / _cPP Benham |
||
| 250 | _a2nd ed. | ||
| 260 |
_aHarlow,England: _bPearson ; _c1996. |
||
| 300 |
_a627 p : _b22 cm. |
||
| 500 | _apaperback. | ||
| 563 | _aPaperback | ||
| 700 |
_aRJ Crawford _9129494 |
||
| 942 |
_cBK _2ddc |
||
| 999 |
_c31523 _d31523 |
||